000 00385cam a2200145ua 4500
041 _aeng
_h
082 _a824
_bRUS/IN
100 _aRussell, Bertrand .
245 _aIn praise of idleness and other essays /
_cBertrand Russell.
_hTextual Documents
260 _aLondon :
_bGeorge Allen & Unwin Ltd ,
_c1958.
300 _a231 ; .
504 _a
942 _cBK
999 _c8865
_d8865